[Event "IND-ch (Women) 39th"]
[Site "Jalgaon"]
[Date "2012.10.29"]
[Round "6"]
[White "Sahajasri, Cholleti"]
[Black "Rajasurya, J."]
[Result "1-0"]
[WhiteElo "2026"]
[BlackElo "1941"]
[PlyCount "61"]
[EventDate "2012.10.24"]
[EventType "swiss"]
[EventRounds "11"]
[EventCountry "IND"]
[SourceTitle "EXT 2013"]
[Source "ChessBase"]
[SourceDate "2012.11.22"]
[SourceVersion "1"]
[SourceVersionDate "2012.11.22"]
[SourceQuality "1"]

1. Nf3 Nf6 2. c4 e6 3. g3 c5 4. Bg2 Nc6 5. Nc3 d5 6. cxd5 exd5 7. d4 Be6 8. Bg5 cxd4 9. Nxd4 Bc5 10. Nxe6 fxe6 11. 0-0 0-0 12. e3 a6 13. Ne2 h6 14. Bxf6 Qxf6 15. Nf4 Ne7 16. Bh3 Nf5 17. Nxd5 Qxb2 18. Nc7 Rad8 19. Qc1 Qe5 20. Nxe6 Bxe3 21. Qc4 Bxf2+ 22. Rxf2 Qxa1+ 23. Rf1 Qxf1+ 24. Bxf1 Ne3 25. Nxd8+ Nxc4 26. Bxc4+ Kh8 27. Nxb7 Rf6 28. Bf1 Rb6 29. Nc5 Rb2 30. a4 a5 31. Bb5 1-0

[Event "IND-ch (Women) 39th"]
[Site "Jalgaon"]
[Date "2012.10.28"]
[Round "5"]
[White "Mahalakshmi, Muganda Kumar"]
[Black "Rajasurya, J."]
[Result "1-0"]
[WhiteElo "2041"]
[BlackElo "1941"]
[PlyCount "81"]
[EventDate "2012.10.24"]
[EventType "swiss"]
[EventRounds "11"]
[EventCountry "IND"]
[SourceTitle "EXT 2013"]
[Source "ChessBase"]
[SourceDate "2012.11.22"]
[SourceVersion "1"]
[SourceVersionDate "2012.11.22"]
[SourceQuality "1"]

1. d4 Nf6 2. c4 e6 3. Nc3 Bb4 4. e3 c5 5. Nge2 b6 6. a3 Ba5 7. Rb1 Na6 8. g3 Bb7 9. d5 b5 10. Bg2 b4 11. axb4 Bxb4 12. 0-0 exd5 13. cxd5 d6 14. e4 0-0 15. Nf4 Nb8 16. Nd3 a5 17. Bf4 Re8 18. Nb5 Ra6 19. Bg5 h6 20. Bxf6 Qxf6 21. Nxb4 Rb6 22. Qa4 axb4 23. Nxd6 Rd8 24. Nc4 Ra6 25. Qb5 Qe7 26. d6 Qd7 27. Qxc5 Rc6 28. Qxb4 Rxc4 29. Qxc4 Ba6 30. Qc3 Bxf1 31. Rxf1 Qxd6 32. Bf3 Qe6 33. Rd1 Rc8 34. Qd2 Qb3 35. Bg4 Rc2 36. Qd8+ Kh7 37. Rd3 Qxb2 38. Rf3 Rc1+ 39. Kg2 Qe2 40. Bf5+ g6 41. Bxg6+ 1-0

[Event "IND-ch (Women) 39th"]
[Site "Jalgaon"]
[Date "2012.10.26"]
[Round "3"]
[White "Ramaswamy, Aarthie"]
[Black "Rajasurya, J."]
[Result "1-0"]
[WhiteElo "2148"]
[BlackElo "1941"]
[PlyCount "53"]
[EventDate "2012.10.24"]
[EventType "swiss"]
[EventRounds "11"]
[EventCountry "IND"]
[SourceTitle "EXT 2013"]
[Source "ChessBase"]
[SourceDate "2012.11.22"]
[SourceVersion "1"]
[SourceVersionDate "2012.11.22"]
[SourceQuality "1"]

1. e4 c6 2. d4 d5 3. Nc3 dxe4 4. Nxe4 Nd7 5. Ng5 Ngf6 6. Bd3 e6 7. N1f3 Bd6 8. Qe2 h6 9. Ne4 Nxe4 10. Qxe4 Qc7 11. Bd2 Nf6 12. Qe2 0-0 13. 0-0-0 b6 14. Ne5 c5 15. f4 cxd4 16. g4 g6 17. h4 Bb7 18. Rhe1 Nd5 19. h5 Nxf4 20. Bxf4 f6 21. Bxh6 Bxe5 22. Bxf8 Rxf8 23. hxg6 Bf4+ 24. Kb1 e5 25. Be4 Kg7 26. Rh1 Bh6 27. Rxh6 1-0

[Event "Commonwealth-ch"]
[Site "Mumbai"]
[Date "2004.01.12"]
[Round "3"]
[White "Ramakrishna, J."]
[Black "Rajasurya, J."]
[Result "1-0"]
[WhiteElo "2308"]
[BlackElo "2028"]
[PlyCount "51"]
[EventDate "2004.01.10"]
[EventType "swiss"]
[EventRounds "9"]
[EventCountry "IND"]
[SourceTitle "EXT 2006"]
[Source "ChessBase"]
[SourceDate "2005.11.24"]
[SourceVersion "1"]
[SourceVersionDate "2005.11.24"]
[SourceQuality "1"]

1. e4 c5 2. Nc3 d6 3. f4 Nc6 4. Nf3 g6 5. Bb5 Bg7 6. Bxc6+ bxc6 7. 0-0 Bg4 8. d3 Nf6 9. Kh1 Nd7 10. Qe1 0-0 11. Ng1 Nb6 12. f5 gxf5 13. Qg3 e6 14. h3 Bh5 15. exf5 exf5 16. Rxf5 Bg6 17. Rf1 d5 18. Nf3 c4 19. Ne5 cxd3 20. cxd3 c5 21. Bf4 Rc8 22. Nb5 a6 23. Na7 Bxe5 24. Bxe5 Ra8 25. Bf6 Qd7 26. Qg5 1-0

[Event "Wch U14 Girls"]
[Site "Chalkidiki"]
[Date "2003.10.25"]
[Round "3"]
[White "Gunina, Valentina"]
[Black "Rajasurya, J."]
[Result "1-0"]
[WhiteElo "2263"]
[BlackElo "2037"]
[PlyCount "51"]
[EventDate "2003.10.23"]
[EventType "swiss"]
[EventRounds "11"]
[EventCountry "GRE"]
[SourceTitle "EXT 2004"]
[Source "ChessBase"]
[SourceDate "2003.11.25"]
[SourceVersion "1"]
[SourceVersionDate "2003.11.25"]
[SourceQuality "1"]

1. d4 Nf6 2. c4 e6 3. Nf3 Bb4+ 4. Bd2 c5 5. e3 0-0 6. Bd3 Nc6 7. Bxb4 Nxb4 8. Be2 cxd4 9. exd4 d5 10. c5 Nc6 11. 0-0 Re8 12. Bb5 a6 13. Bxc6 bxc6 14. Ne5 Qc7 15. Nc3 Nd7 16. f4 f6 17. Qh5 g6 18. Nxg6 hxg6 19. Qxg6+ Kf8 20. Rae1 Bb7 21. Rf3 Rac8 22. Rg3 Ke7 23. Rxe6+ Kxe6 24. Re3+ Ne5 25. Rxe5+ Kd7 26. Qf7+ 1-0

[Event "Asia-ch U20 Girls 26th"]
[Site "Negombo"]
[Date "2003.07.25"]
[Round "10"]
[White "Rajasurya, J."]
[Black "Nadig, Kruttika"]
[Result "1-0"]
[WhiteElo "1990"]
[BlackElo "2145"]
[PlyCount "99"]
[EventDate "2003.07.18"]
[EventType "swiss"]
[EventRounds "10"]
[EventCountry "SRI"]
[SourceTitle "CBM 095 Extra"]
[Source "ChessBase"]
[SourceDate "2003.09.04"]
[SourceVersion "1"]
[SourceVersionDate "2003.09.04"]
[SourceQuality "1"]

1. e4 e5 2. Nf3 Nc6 3. Bc4 Nf6 4. Ng5 d5 5. exd5 Na5 6. Bb5+ c6 7. dxc6 bxc6 8. Bd3 Nd5 9. Ne4 f5 10. Nec3 Bd6 11. Nxd5 cxd5 12. Bb5+ Kf7 13. 0-0 e4 14. d3 Qc7 15. h3 Be6 16. dxe4 dxe4 17. Nc3 a6 18. Ba4 Rad8 19. Qh5+ g6 20. Qh6 Be5 21. Bb3 Nc4 22. Rd1 Bxc3 23. Rxd8 Rxd8 24. Bf4 Qa5 25. bxc3 Kg8 26. Bg5 Qxc3 27. Rb1 Rb8 28. Bf4 Rd8 29. Bxc4 Bxc4 30. Rb7 Bf7 31. Re7 Rd5 32. Kh2 Qd4 33. Rc7 Rd8 34. c3 Qd5 35. Re7 Re8 36. Be5 Qxe5+ 37. Rxe5 Rxe5 38. Qf4 Ra5 39. Qd2 Rxa2 40. Qd8+ Kg7 41. c4 Rc2 42. c5 f4 43. Qd6 a5 44. c6 a4 45. Qd4+ Kf8 46. c7 e3 47. fxe3 fxe3 48. Qd8+ Be8 49. c8Q Rxc8 50. Qxc8 1-0

[Event "Asia-ch U20 Girls 26th"]
[Site "Negombo"]
[Date "2003.07.23"]
[Round "7"]
[White "Luong, Phuong Hanh"]
[Black "Rajasurya, J."]
[Result "0-1"]
[WhiteElo "2143"]
[BlackElo "1990"]
[PlyCount "47"]
[EventDate "2003.07.18"]
[EventType "swiss"]
[EventRounds "10"]
[EventCountry "SRI"]
[SourceTitle "CBM 095 Extra"]
[Source "ChessBase"]
[SourceDate "2003.09.04"]
[SourceVersion "1"]
[SourceVersionDate "2003.09.04"]
[SourceQuality "1"]

1. e4 c5 2. Nf3 Nc6 3. d4 cxd4 4. Nxd4 Nf6 5. Nc3 e5 6. Ndb5 d6 7. Bg5 a6 8. Na3 b5 9. Bxf6 gxf6 10. Nd5 f5 11. Bxb5 axb5 12. Nxb5 Ra4 13. Nbc7+ Kd7 14. Nb6+ Kxc7 15. Nxa4 Rg8 16. Qd3 fxe4 17. Qxe4 Rg4 18. Qxh7 Rxa4 19. Qxf7+ Be7 20. 0-0-0 Rf4 21. Qg7 Be6 22. Kb1 Rg4 23. Qh6 Rc4 24. Qg6 0-1

[Event "Asia-ch U20 Girls 26th"]
[Site "Negombo"]
[Date "2003.07.23"]
[Round "6"]
[White "Rajasurya, J."]
[Black "Liyanagedara, LGA"]
[Result "1-0"]
[WhiteElo "1990"]
[BlackElo "2050"]
[PlyCount "119"]
[EventDate "2003.07.18"]
[EventType "swiss"]
[EventRounds "10"]
[EventCountry "SRI"]
[SourceTitle "CBM 095 Extra"]
[Source "ChessBase"]
[SourceDate "2003.09.04"]
[SourceVersion "1"]
[SourceVersionDate "2003.09.04"]
[SourceQuality "1"]

1. e4 d6 2. d4 Nf6 3. Nc3 g6 4. f4 Bg7 5. Nf3 c5 6. Bb5+ Bd7 7. Bxd7+ Nfxd7 8. d5 Na6 9. 0-0 0-0 10. Qe2 e5 11. dxe6 fxe6 12. Nb5 Nb6 13. Rd1 Nc8 14. Nxd6 Qc7 15. e5 Bh6 16. Qc4 Qe7 17. Be3 Nb6 18. Qe4 Nd5 19. g3 b6 20. c4 Nxe3 21. Qxe3 Nb4 22. Qe4 Qc7 23. a3 Nc6 24. Nb5 Qc8 25. Rd6 Na5 26. Rad1 a6 27. Nc3 Rb8 28. Rd7 Re8 29. Nh4 Rb7 30. Rxb7 Qxb7 31. Qxb7 Nxb7 32. Rd7 Na5 33. Ne4 Bg7 34. Nd6 Ra8 35. Nf3 h6 36. Re7 Bf8 37. Rxe6 Kh7 38. Nd2 Rd8 39. N2e4 Bxd6 40. Nxd6 Rd7 41. Re8 b5 42. cxb5 axb5 43. Rb8 Nc4 44. e6 Re7 45. Nxc4 bxc4 46. Rb6 Kg7 47. a4 Kf6 48. a5 Ra7 49. a6 Kf5 50. Kf2 g5 51. fxg5 hxg5 52. h4 gxh4 53. gxh4 Kg4 54. Ke3 Kxh4 55. Ke4 Kg5 56. Kd5 Kf6 57. Kxc5 Ke5 58. Kb5 Re7 59. Rb7 Rxe6 60. a7 1-0

[Event "Asia-ch U20 Girls 26th"]
[Site "Negombo"]
[Date "2003.07.21"]
[Round "4"]
[White "Rajasurya, J."]
[Black "Sachdev, Tania"]
[Result "0-1"]
[WhiteElo "1990"]
[BlackElo "2206"]
[PlyCount "56"]
[EventDate "2003.07.18"]
[EventType "swiss"]
[EventRounds "10"]
[EventCountry "SRI"]
[SourceTitle "CBM 095 Extra"]
[Source "ChessBase"]
[SourceDate "2003.09.04"]
[SourceVersion "1"]
[SourceVersionDate "2003.09.04"]
[SourceQuality "1"]

1. e4 c5 2. Nf3 e6 3. d4 cxd4 4. Nxd4 a6 5. Nc3 Qc7 6. f4 Bb4 7. Qf3 d6 8. Bd2 Nf6 9. Bd3 Nbd7 10. g4 Nc5 11. g5 Nfd7 12. f5 Ne5 13. Qe3 Ncxd3+ 14. cxd3 Bc5 15. Nce2 Nc6 16. fxe6 fxe6 17. e5 Nxd4 18. Nxd4 dxe5 19. Rc1 exd4 20. Qe4 Qe7 21. 0-0 Bd7 22. g6 Bc6 23. Qg4 h5 24. Qh3 Qd6 25. Rf7 e5 26. Qf5 Qd5 27. Kf2 Be7 28. Bg5 Qg2+ 0-1